| 000 | 00419nam a22001577a 4500 | ||
|---|---|---|---|
| 020 | _a9788195657681 | ||
| 082 |
_aM 894.812 092 _bJOL/N |
||
| 100 | _aJolly Chirayath | ||
| 245 |
_aNinnukathunna kadalukal/ _cby Jolly Chirayath |
||
| 260 |
_aThrissur: _bGoosebery books, _c2025. |
||
| 300 | _a336p. | ||
| 650 | _aAutobiography Jolly Chirayath | ||
| 650 | _aLiterature Malayalam | ||
| 650 | _aLiterature | ||
| 942 | _cBK | ||
| 999 |
_c181759 _d181759 |
||